KOT4Q NBA Quiz - Statistics

General Stats
  • This quiz has been taken 4,640 times
  • The average score is 6 of 12
Answer Stats
Hint Answer % Correct
How many 3 pointers has Shaq made in his career? 1
92%
Most Points Scored All TIme(Player) Kareem Abdul-Jabbar
82%
Are you going to follow me on instagram? You really should
75%
Calvin Murphy has _____ kids 14
72%
What team did Shaq play for when he put up a stat line of 24 points, 28 rebounds and 15 blocks? Orlando Magic
66%
After the first year of the Miami Heat super team forming, how many wins did they gather throughout that season? 58
55%
Which NBA player has the largest shoe size?(24) Shaquille O'Neal
47%
Caron Butler is addicted to chewing _____ Straws
37%
Who is the real MVP? KOT4Q
35%
What is Tim Duncan's biggest fear? Sharks
17%
What language does Amar’e Stoudemire speak on the court? Hebrew
9%
Who holds the record for highest shooting percentage in a season?(70.81%) Tyson Chandler
1%
No matching quizzes found
Score Distribution
Percent of People with Each Score
Percentile by Number Answered
Your Score History
You have not taken this quiz